000 00893nam a22002297a 4500
999 _c20647
_d20647
003 AR-CdUCM
008 190601b ||||| |||| 00| 0 spa d
040 _aMUNICIPALIDAD PROVINCIAL DEL CUSCO
_cBIBLIOTECA MUNICIPAL DEL CUSCO
082 _a635.3 /
_bW74
100 _aWinters, Harold F.
_943152
245 _aCultivo de hortalizas :
_bEn la región del caribe /
260 _aMéxico :
_bservicios de investigaciones agrícolas,
_c1967.
300 _a114 páginas ;
_bIlustraciones,
_c28 cm.
440 _aManual de agricultura
_n323
_943153
505 _aContenido : Las hortalizas en la dieta -- Cruzamientos hortícolas en los trópicos -- Relación climáticas -- Necesidades climáticas de las hortalizas...
650 _aHortalizas
_922950
650 _aVariedades
_931964
650 _aConsumo
_97351
700 _aWiskimen, George W.
_943154
942 _2ddc
_cLIBROS
945 _arcc